The age taboo : older women-younger men relationships /

Bibliographic Details
Main Author: Derenski, Arlene
Other Authors: Landsburg, Sally B.
Format: Book
Language:English
Published: Boston : Little, Brown, [1981]
Edition:1st ed.
Subjects:

MARC

Tag First Indicator Second Indicator Subfields
LEADER 00000cam a2200000 a 4500
001 in00000632001
005 20151015055000.0
008 810629s1981 mau b 00110 eng
010 |a  81001747  
020 |a 0316513660 :  |c $12.95 
035 |a (OCoLC)07476920 
035 |9 ACU9943AM 
039 0 |a 2  |b 3  |c 3  |d 3  |e 3 
040 |a DLC  |c DLC  |d TXA  |d UtOrBLW 
049 |a TXAM  |c [985222] 
050 0 0 |a HM132  |b .D469 
082 0 |a 306.7  |2 19 
100 1 |a Derenski, Arlene. 
245 1 4 |a The age taboo :  |b older women-younger men relationships /  |c Arlene Derenski, Sally B. Landsburg. 
250 |a 1st ed. 
264 1 |a Boston :  |b Little, Brown,  |c [1981] 
264 4 |c ©1981 
300 |a viii, 262 pages ;  |c 22 cm. 
336 |a text  |b txt  |2 rdacontent 
337 |a unmediated  |b n  |2 rdamedia 
338 |a volume  |b nc  |2 rdacarrier 
500 |a Includes index. 
504 |a Bibliography: pages [257]-258. 
650 0 |a Interpersonal relations. 
650 0 |a Commitment (Psychology) 
650 0 |a Unmarried couples. 
650 0 |a Middle-aged women. 
650 0 |a Young men. 
650 0 |a Marriage. 
700 1 |a Landsburg, Sally B. 
740 0 |a Older women--younger men relationships. 
999 |a MARS 
999 f f |s c0191707-d07a-3ef1-ba96-6bbe913b5daf  |i d3768a4a-6bec-3a76-9d9e-1d8270d5a4bc  |t 0 
952 f f |p ric  |a Texas A&M University  |b Rellis Campus  |c Joint Library Facility  |d Remote Storage  |t 0  |e HM132 .D469  |h Library of Congress classification  |i unmediated -- volume  |m A14802914650 
998 f f |a HM132 .D469  |t 0  |l Remote Storage